=LDR 00000nam 2200000 4500 =001 INLIS000000000010986 =005 20130612102608 =008 ***********************************Ind** =035 ##$$0010-061300000010986 =041 ##$$a Ind =082 ##$$a 695 =090 ##$$a 695, HAr-m =100 ##$$a Hrtanto, H =245 ##$$a Memperbaiki atap dan saluran air hujan, H.Hartanto =260 ##$$a 1986 $b Bandung =300 ##$$a 44 kkn., ilus, 21 cm =650 ##$$a Konstruksi Atap =850 ##$$a NBPNMAT